Catalog

Record Details

Catalog Search



Phonics patrol! / by Jennifer Liberts ; ... Read More

Liberts, Jennifer, 1970- Container of (work): Pup pals.(Added Author). ... Read More

Available copies

  • 1 of 2 copies available at LARL/NWRL Consortium.

Current holds

0 current holds with 2 total copies.

Show Only Available Copies
Location Call Number / Copy Notes Barcode Shelving Location Status Due Date
Godel Memorial-Warren Library e LIB (Text) 35500006902579 Main Available -
Hallock Public Library e LIB (Text) 35500006894750 Main Checked out 07/15/2026

Record details

  • ISBN: 9781544429311
  • ISBN: 1544429312
  • ISBN: 9780553508789
  • ISBN: 0553508784
  • ISBN: 9781518262272
  • ISBN: 1518262279
  • Physical Description: 1 volume (unpaged) : color illustrations ; 14 cm
  • Publisher: New York : Random House, [2015]

Content descriptions

General Note:
"Nickelodeon PAW patrol"--Cover
A bound set of 12 paperback books.
Formatted Contents Note:
Book 1, short a. Pup pals -- Book 2, short e. Pet ... Read More
Summary, etc.:
This volume includes 12 full - color phonics ... Read More
Subject: PAW Patrol (Fictitious characters) > Juvenile fiction.
Phonetics > Study and teaching (Primary) > Juvenile literature.
English language > Phonetics > Study and teaching (Primary) > Juvenile literature.
English language > Vowels > Juvenile literature.
Reading > Phonetics > Study and teaching > Juvenile literature.
Reading (Preschool) > Juvenile literature.
Reading (Primary) > Juvenile literature.
Rescue dogs > Juvenile fiction.
Dogs.
Reading > Phonetic method.
Disaster relief.
Reading > Phonetic method.
English language > Phonetics.
Readers.
Dogs.
Rescue work.
Reading > Phonetic method
Dogs
English language > Phonetics > Study and teaching (Primary)
English language > Vowels
Phonetics > Study and teaching (Primary)
Reading (Preschool)
Reading (Primary)
Rescue dogs
Genre: Readers (Primary)
Readers (Publications)
Fiction
Juvenile works
Readers (Primary)
Readers (Publications)
LDR 06509cam a2201225 i 4500
001473796
003LARL_NWRL_CONSORTIUM
00520251024122422.0
008190123s2015 nyua a 000 1 eng d
010 . ‡a 2013409222
040 . ‡aTE7 ‡beng ‡cTE7 ‡dMDB ‡dTYV ‡dYEP ‡dBDX ‡dOCL ‡dZAC ‡dRIOSL ‡dBRG ‡dOCLCO ‡dOCLCQ ‡dWT2 ‡dTXGPM ‡dOCLCO ‡dOCL ‡dCHY ‡dOCLCA ‡dCHILD ‡dOCLCO ‡dOCLCL ‡dILC ‡dOCLCO ‡dOCLCQ ‡dOCLCA ‡dOCLCL ‡dOCLCO
019 . ‡a1083233940 ‡a1089668193 ‡a1128181952 ‡a1230332732 ‡a1242947313 ‡a1300770761 ‡a1303640182 ‡a1353221343 ‡a1408714370
020 . ‡a9781544429311 ‡q(FollettBound)
020 . ‡a1544429312 ‡q(FollettBound)
020 . ‡a9780553508789 ‡q(pbk. ; ‡qset)
020 . ‡a0553508784 ‡q(pbk. ; ‡qset)
020 . ‡a9781518262272 ‡q(PawPrints)
020 . ‡a1518262279 ‡q(PawPrints)
035 . ‡a(OCoLC)1083221494 ‡z(OCoLC)1083233940 ‡z(OCoLC)1089668193 ‡z(OCoLC)1128181952 ‡z(OCoLC)1230332732 ‡z(OCoLC)1242947313 ‡z(OCoLC)1300770761 ‡z(OCoLC)1303640182 ‡z(OCoLC)1353221343 ‡z(OCoLC)1408714370
08204. ‡a372.46/5 ‡223 ‡1https://id.oclc.org/worldcat/ddc/E3dYF8C7FYCM8rJD84kdYDkptr
1001 . ‡aLiberts, Jennifer, ‡d1970- ‡eauthor. ‡1https://id.oclc.org/worldcat/entity/E39PCjKtX6gH7hTXJHYF33jCry
24510. ‡aPhonics patrol! / ‡cby Jennifer Liberts ; illustrated by MJ Illustrations.
2463 . ‡aPaw Patrol phonics patrol!
264 1. ‡aNew York : ‡bRandom House, ‡c[2015]
264 4. ‡c©2015
300 . ‡a1 volume (unpaged) : ‡bcolor illustrations ; ‡c14 cm
336 . ‡atext ‡btxt ‡2rdacontent
336 . ‡astill image ‡bsti ‡2rdacontent
337 . ‡aunmediated ‡bn ‡2rdamedia
338 . ‡avolume ‡bnc ‡2rdacarrier
4900 . ‡aPAW patrol
4900 . ‡aStep into reading. Phonics
500 . ‡a"Nickelodeon PAW patrol"--Cover
500 . ‡aA bound set of 12 paperback books.
50500. ‡gBook 1, short a. ‡tPup pals -- ‡gBook 2, short e. ‡tPet rescue -- ‡gBook 3, short i. ‡tThe big city -- ‡gBook 4, short o. ‡tLost in the fog -- ‡gBook 5, short u, blends. ‡tThe duck at the dump -- ‡gBook 6, review short vowel sounds, blends. ‡tOn a roll -- ‡gBook 7, long a. ‡tSave the race -- ‡gBook 8, long e, blends. ‡tSpeedy pups -- ‡gBook 9, long i, blends. ‡tPatrol time -- ‡gBook 10, long o, blends. ‡tSnow patrol -- ‡gBook 11, long u, blends. ‡tThe blue tube -- ‡gBook 12, review of long vowel sounds, blends. ‡tTrue heroes.
520 . ‡aThis volume includes 12 full - color phonics readers featuring the pups of Nickelodeon's PAW Patrol! Each book features a specific phonics concept that will give boys and girls ages 3 to 7 the tools they need to begin reading on their own.
650 0. ‡aPAW Patrol (Fictitious characters) ‡vJuvenile fiction.
650 0. ‡aPhonetics ‡xStudy and teaching (Primary) ‡vJuvenile literature.
650 0. ‡aEnglish language ‡xPhonetics ‡xStudy and teaching (Primary) ‡vJuvenile literature.
650 0. ‡aEnglish language ‡xVowels ‡vJuvenile literature. ‡0(LARL_NWRL_CONSORTIUM)169266
650 0. ‡aReading ‡xPhonetics ‡xStudy and teaching ‡vJuvenile literature.
650 0. ‡aReading (Preschool) ‡vJuvenile literature.
650 0. ‡aReading (Primary) ‡vJuvenile literature.
650 0. ‡aRescue dogs ‡vJuvenile fiction.
650 0. ‡aDogs. ‡0(LARL_NWRL_CONSORTIUM)18684
650 0. ‡aReading ‡xPhonetic method. ‡0(LARL_NWRL_CONSORTIUM)29465
650 0. ‡aDisaster relief. ‡0(LARL_NWRL_CONSORTIUM)18580
650 1. ‡aReading ‡xPhonetic method. ‡0(LARL_NWRL_CONSORTIUM)29465
650 1. ‡aEnglish language ‡xPhonetics. ‡0(LARL_NWRL_CONSORTIUM)19412
650 1. ‡aReaders. ‡0(LARL_NWRL_CONSORTIUM)29449
650 1. ‡aDogs. ‡0(LARL_NWRL_CONSORTIUM)18684
650 1. ‡aRescue work. ‡0(LARL_NWRL_CONSORTIUM)29720
650 7. ‡aReading ‡xPhonetic method ‡2fast ‡0(LARL_NWRL_CONSORTIUM)29465
650 7. ‡aDogs ‡2fast ‡0(LARL_NWRL_CONSORTIUM)18684
650 7. ‡aEnglish language ‡xPhonetics ‡xStudy and teaching (Primary) ‡2fast
650 7. ‡aEnglish language ‡xVowels ‡2fast ‡0(LARL_NWRL_CONSORTIUM)19452
650 7. ‡aPhonetics ‡xStudy and teaching (Primary) ‡2fast
650 7. ‡aReading (Preschool) ‡2fast ‡0(LARL_NWRL_CONSORTIUM)29469
650 7. ‡aReading (Primary) ‡2fast ‡0(LARL_NWRL_CONSORTIUM)29470
650 7. ‡aRescue dogs ‡2fast ‡0(LARL_NWRL_CONSORTIUM)29719
655 0. ‡aReaders (Primary)
655 7. ‡aReaders (Publications) ‡2fast
655 7. ‡aFiction ‡2fast
655 7. ‡aJuvenile works ‡2fast
655 7. ‡aReaders (Primary) ‡2fast
655 7. ‡aReaders (Publications) ‡2lcgft
70012. ‡iContainer of (work): ‡aLiberts, Jennifer, ‡d1970- ‡tPup pals.
70012. ‡iContainer of (work): ‡aLiberts, Jennifer, ‡d1970- ‡tPet rescue.
70012. ‡iContainer of (work): ‡aLiberts, Jennifer, ‡d1970- ‡tBig city.
70012. ‡iContainer of (work): ‡aLiberts, Jennifer, ‡d1970- ‡tLost in the fog.
70012. ‡iContainer of (work): ‡aLiberts, Jennifer, ‡d1970- ‡tDuck at the dump.
70012. ‡iContainer of (work): ‡aLiberts, Jennifer, ‡d1970- ‡tOn a roll!
70012. ‡iContainer of (work): ‡aLiberts, Jennifer, ‡d1970- ‡tSave the race!
70012. ‡iContainer of (work): ‡aLiberts, Jennifer, ‡d1970- ‡tSpeedy pups!
70012. ‡iContainer of (work): ‡aLiberts, Jennifer, ‡d1970- ‡tPatrol time!
70012. ‡iContainer of (work): ‡aLiberts, Jennifer, ‡d1970- ‡tSnow patrol.
70012. ‡iContainer of (work): ‡aLiberts, Jennifer, ‡d1970- ‡tBlue tube.
70012. ‡iContainer of (work): ‡aLiberts, Jennifer, ‡d1970- ‡tTrue heroes.
7102 . ‡aMJ Illustrations (Group), ‡eillustrator. ‡0(LARL_NWRL_CONSORTIUM)197208
7102 . ‡aSpin Master (Firm), ‡eproduction company. ‡0(LARL_NWRL_CONSORTIUM)210973
7102 . ‡aNickelodeon (Television network), ‡esponsoring body. ‡0(LARL_NWRL_CONSORTIUM)191091
7300 . ‡iAdaptation of (expression): ‡aPAW Patrol (Television program)
901 . ‡a473796 ‡bAUTOGEN ‡c473796 ‡tbiblio

Additional Resources